LEADER 01041nam0-22003011i-450- 001 990008099500403321 005 20050427130737.0 035 $a000809950 035 $aFED01000809950 035 $a(Aleph)000809950FED01 035 $a000809950 100 $a20050427d1982----km-y0itay50------ba 101 0 $amul 102 $aCH 105 $ay---n----00yy 200 1 $aÉloquence et rhétorique chez Cicéron$eVandoeuvres-Geneve, 24-29 aout 1981$esept exposés suivis de discussions$fpar Wilfried Stroh ... [et al.]$gavec la participation de Mihai Nasta$gentretiens préparés et présidés par Walther Ludwig 210 $aVandoeuvres$dGeneve 215 $a344 p.$d23 cm 225 1 $aEntretiens sur l'antiquité classique 676 $a878.0108$v20$zita 702 1$aStroh,$bWilfried 801 0$aIT$bUNINA$gRICA$2UNIMARC 901 $aBK 912 $a990008099500403321 952 $aDDR-Fonti II- Cicero St.32$b2021 ddr$fDDR$m21-6004 959 $aDDR 996 $aÉloquence et rhétorique chez Cicéron$9753832 997 $aUNINA LEADER 02186nam 2200565 450 001 9910787412303321 005 20200520144314.0 010 $a1-68015-516-4 010 $a1-62708-080-5 035 $a(CKB)3710000000358956 035 $a(EBL)1969978 035 $a(SSID)ssj0001472421 035 $a(PQKBManifestationID)11926657 035 $a(PQKBTitleCode)TC0001472421 035 $a(PQKBWorkID)11433770 035 $a(PQKB)11413409 035 $a(MiAaPQ)EBC1969978 035 $a(Au-PeEL)EBL1969978 035 $a(CaPaEBR)ebr11023556 035 $a(OCoLC)904437529 035 $a(PPN)189671394 035 $a(EXLCZ)993710000000358956 100 $a20150305h20152015 uy 0 101 0 $aeng 135 $aur|n|---||||| 181 $ctxt 182 $cc 183 $acr 200 00$aTitanium $ephysical metallurgy processing and applications /$fF. H. Froes, editor 210 1$aMaterials Park, Ohio :$cASM International,$d2015. 210 4$d©2015 215 $a1 online resource (416 p.) 300 $aDescription based upon print version of record. 311 $a1-62708-079-1 320 $aIncludes bibliographical references and index. 327 $a5338_FM_Titanium_pi-xii; 5338_Ch01_Titanium_p001-030; 5338_Ch02_Titanium_p031-050; 5338_Ch03_Titanium_p051-074; 5338_Ch05_Titanium_p095-112; 5338_Ch06_Titanium_p113-140; 5338_Ch07_Titanium_p141-160; 5338_Ch09_Titanium_p207-224; 5338_Ch10_Titanium_p225-242; 5338_Ch11_Titanium_p243-264; 5338_Ch12_Titanium_p265-292; 5338_Ch13_Titanium_p293-330; 5338_Ch14_Titanium_p331-352; 5338_Ch15_Titanium_p353-380; 5338_Index_Titanium_p381-404 330 $aThis new book covers all aspects of the history, physical metallurgy, corrosion behavior, cost factors and current and potential uses of titanium. 606 $aTitanium$xMetallurgy 606 $aTitanium$xIndustrial applications 615 0$aTitanium$xMetallurgy. 615 0$aTitanium$xIndustrial applications. 676 $a669.7322 702 $aFroes$b F. H. 801 0$bMiAaPQ 801 1$bMiAaPQ 801 2$bMiAaPQ 906 $aBOOK 912 $a9910787412303321 996 $aTitanium$92744420 997 $aUNINA